[Event "World Senior Teams +65"]
[Site "Radebeul GER"]
[Date "2016.07.03"]
[Round "8.1"]
[Board "2"]
[White "Balashov, Yuri S"]
[Black "Schubert, Thomas"]
[Result "1-0"]
[WhiteTitle "GM"]
[BlackTitle "FM"]
[WhiteElo "2408"]
[BlackElo "2362"]
[WhiteTeam "Russia 65+"]
[BlackTeam "Schachfreunde Leipzig"]
[WhiteFideId "4100263"]
[BlackFideId "4643038"]
[EventDate "2016.06.26"]

1. e4 c6 2. Nf3 d5 3. Nc3 dxe4 4. Nxe4 Nf6 5. Ng3 e6 6. d4 c5 7. Be3 Nc6 8. dxc5
Qxd1+ 9. Rxd1 Nd5 10. Ne4 Nxe3 11. fxe3 Bd7 12. a3 O-O-O 13. b4 f6 14. Bc4 e5
15. O-O Bf5 16. Rxd8+ Nxd8 17. Bd5 Bxe4 18. Bxe4 g6 19. Rd1 Bh6 20. Kf2 Ne6 21.
Rd6 Re8 22. Bd5 Nc7 23. Bc4 f5 24. h4 Re7 25. h5 e4 26. Nd4 f4 27. hxg6 fxe3+
28. Ke2 hxg6 29. Rxg6 Bf4 30. g3 Be5 31. Nf5 1-0

[Event "World Senior Teams +65"]
[Site "Radebeul GER"]
[Date "2016.07.03"]
[Round "8.1"]
[Board "3"]
[White "Schoeneberg, Manfred"]
[Black "Zhelnin, Vladimir V"]
[Result "1/2-1/2"]
[WhiteTitle "FM"]
[BlackTitle "IM"]
[WhiteElo "2245"]
[BlackElo "2455"]
[WhiteTeam "Schachfreunde Leipzig"]
[BlackTeam "Russia 65+"]
[WhiteFideId "4611845"]
[BlackFideId "4105567"]
[EventDate "2016.06.26"]

1. Nf3 Nf6 2. g3 g6 3. Bg2 Bg7 4. O-O O-O 5. c4 d6 6. d4 Nbd7 7. Nc3 e5 8. e4 c6
9. b3 Ne8 10. dxe5 Qa5 11. Bb2 dxe5 12. a3 f5 13. b4 Qd8 14. c5 Qe7 15. exf5
gxf5 16. Re1 e4 17. Qb3+ Kh8 18. Rad1 Ndf6 19. Nd4 Nc7 20. f3 e3 21. Bc1 f4 22.
gxf4 Ncd5 23. Nxd5 Nxd5 24. Bxe3 Nxe3 25. Qxe3 Qf6 26. f5 Bxf5 27. Nxf5 Qxf5 28.
Qe4 Qf7 29. Qe6 Bb2 30. Rd7 Qxe6 31. Rxe6 Rfd8 32. Ree7 Rxd7 33. Rxd7 Bxa3 34.
Rxb7 a5 35. bxa5 Bxc5+ 36. Kf1 Rxa5 37. f4 Ra2 1/2-1/2

[Event "World Senior Teams +65"]
[Site "Radebeul GER"]
[Date "2016.07.03"]
[Round "8.1"]
[Board "4"]
[White "Pushkov, Nikolai"]
[Black "Braun, Gottfried"]
[Result "1/2-1/2"]
[WhiteTitle "GM"]
[BlackTitle "FM"]
[WhiteElo "2315"]
[BlackElo "2240"]
[WhiteTeam "Russia 65+"]
[BlackTeam "Schachfreunde Leipzig"]
[WhiteFideId "4117131"]
[BlackFideId "4611489"]
[EventDate "2016.06.26"]

1. d4 d6 2. c4 e5 3. Nf3 Nc6 4. Nc3 Nf6 5. Bg5 Be7 6. d5 Nb8 7. e4 Nbd7 8. Be2
h6 9. Be3 Ng4 10. Bd2 Nf8 11. h3 Nf6 12. b4 Ng6 13. g3 O-O 14. Be3 a5 15. a3 Bd7
16. Kf1 Nh7 17. h4 Re8 18. Kg2 Nf6 19. h5 Nf8 20. Nd2 axb4 21. axb4 Rxa1 22.
Qxa1 Ng4 23. Bxg4 Bxg4 24. f3 Bd7 25. Nb3 Bg5 26. Bf2 Nh7 27. c5 f5 28. Na5 Qb8
29. c6 bxc6 30. Nxc6 Qb7 31. Qa2 Nf6 32. Qc4 Bd2 33. Nb1 Bg5 34. exf5 Bxf5 35.
Nc3 Bd2 36. Nb1 Bg5 37. Nc3 Bd2 38. Nb1 1/2-1/2

[Event "World Senior Teams +65"]
[Site "Radebeul GER"]
[Date "2016.07.03"]
[Round "8.2"]
[Board "1"]
[White "Rooze, Jan"]
[Black "Faibisovich, Vadim Z"]
[Result "1-0"]
[WhiteTitle "IM"]
[BlackTitle "IM"]
[WhiteElo "2322"]
[BlackElo "2348"]
[WhiteTeam "Belgium 1"]
[BlackTeam "Sankt-Petersburg"]
[WhiteFideId "200050"]
[BlackFideId "4102703"]
[EventDate "2016.06.26"]

1. e4 c5 2. Nf3 Nc6 3. Bb5 e6 4. Bxc6 bxc6 5. d3 Ne7 6. Bd2 d5 7. h4 h5 8. c4
Ng6 9. Nc3 d4 10. Ne2 Bd6 11. Qa4 Bd7 12. O-O-O e5 13. Ng3 Ne7 14. Ng5 f6 15.
Nh3 g6 16. f4 Bg4 17. Rdf1 Qd7 18. fxe5 Bxe5 19. Bf4 Qd6 20. Bxe5 Qxe5 21. Nf4
O-O 22. Rf2 Kg7 23. Qa5 Nc8 24. Rhf1 Nb6 25. Nge2 Nd7 26. Ng1 Qd6 27. Ngh3 Ne5
28. Rd2 g5 29. Ne2 Bxe2 30. Rxe2 Nxd3+ 31. Kb1 Ne5 32. Qa6 Qe6 33. Rf5 d3 34.
Ref2 Ng4 35. Qb7+ Kg8 36. Nxg5 1-0

[Event "World Senior Teams +65"]
[Site "Radebeul GER"]
[Date "2016.07.03"]
[Round "8.2"]
[Board "2"]
[White "Mishuchkov, Nikolai M."]
[Black "Van Herck, Marcel"]
[Result "1/2-1/2"]
[WhiteTitle "IM"]
[WhiteElo "2306"]
[BlackElo "2155"]
[WhiteTeam "Sankt-Petersburg"]
[BlackTeam "Belgium 1"]
[WhiteFideId "4102401"]
[BlackFideId "200344"]
[EventDate "2016.06.26"]

1. d4 Nf6 2. Nf3 e6 3. c4 d5 4. e3 c5 5. cxd5 exd5 6. Bb5+ Bd7 7. Bxd7+ Nbxd7 8.
dxc5 Nxc5 9. O-O Be7 10. Bd2 O-O 11. Bc3 Nfe4 12. Bd4 Bf6 13. Nc3 Nxc3 14. bxc3
b6 15. Rc1 Rc8 16. c4 dxc4 17. Rxc4 Ne4 18. Qd3 Rxc4 19. Qxc4 Bxd4 20. exd4 Nf6
21. Rc1 Nd5 22. g3 g6 23. Ne5 Nf6 24. a4 Kg7 25. Nc6 Kg8 26. Ne5 Qd7 27. Nc6 1/2-1/2

[Event "World Senior Teams +65"]
[Site "Radebeul GER"]
[Date "2016.07.03"]
[Round "8.2"]
[Board "3"]
[White "Schuermans, Robert"]
[Black "Karasev, Vladimir I"]
[Result "0-1"]
[BlackTitle "IM"]
[WhiteElo "2128"]
[BlackElo "2347"]
[WhiteTeam "Belgium 1"]
[BlackTeam "Sankt-Petersburg"]
[WhiteFideId "200263"]
[BlackFideId "4103971"]
[EventDate "2016.06.26"]

1. e4 c5 2. Nf3 e6 3. d4 cxd4 4. Nxd4 a6 5. Nc3 Qc7 6. Bd3 Nf6 7. f4 Bc5 8. Nb3
Bb4 9. Bd2 Bxc3 10. bxc3 d6 11. Qf3 e5 12. Qg3 O-O 13. fxe5 dxe5 14. O-O Nh5 15.
Qh4 Nf4 16. Bxf4 exf4 17. Rxf4 Nc6 18. e5 h6 19. Rc4 Qb6+ 20. Kh1 Nxe5 21. Rb4
Qd8 22. Qe4 Nxd3 23. cxd3 Be6 24. c4 Re8 25. Qf3 b6 26. Rb1 Ra7 27. h3 a5 28.
Rb5 Rd7 29. Qf4 Rxd3 30. Kh2 a4 31. Nc1 Rd4 32. Qg3 Rd1 33. c5 Bf5 34. cxb6 Bxb1
35. b7 Qb8 36. Rxb1 Rh1+ 0-1

[Event "World Senior Teams +65"]
[Site "Radebeul GER"]
[Date "2016.07.03"]
[Round "8.2"]
[Board "4"]
[White "Blechzin, Igor"]
[Black "Maes, Valeer"]
[Result "1/2-1/2"]
[WhiteTitle "IM"]
[WhiteElo "2349"]
[BlackElo "2084"]
[WhiteTeam "Sankt-Petersburg"]
[BlackTeam "Belgium 1"]
[WhiteFideId "4116208"]
[BlackFideId "201634"]
[EventDate "2016.06.26"]

1. Nf3 d5 2. d4 Nf6 3. c4 e6 4. g3 Be7 5. Bg2 O-O 6. O-O b6 7. Nc3 Bb7 8. Ne5
Qc8 9. cxd5 Nxd5 10. e4 Nxc3 11. bxc3 Nd7 12. f4 Nf6 13. d5 exd5 14. exd5 Rd8
15. c4 c6 16. Bb2 cxd5 17. Qf3 Rb8 18. cxd5 Bxd5 19. Qe2 Bc5+ 20. Kh1 Qb7 21.
Rad1 Bxg2+ 1/2-1/2

[Event "World Senior Teams +65"]
[Site "Radebeul GER"]
[Date "2016.07.03"]
[Round "8.3"]
[Board "1"]
[White "Rotstein, Jefim"]
[Black "James, Geoffrey H"]
[Result "1/2-1/2"]
[WhiteTitle "FM"]
[BlackTitle "CM"]
[WhiteElo "2332"]
[BlackElo "2203"]
[WhiteTeam "Germany 2"]
[BlackTeam "England 1"]
[WhiteFideId "14101033"]
[BlackFideId "402346"]
[EventDate "2016.06.26"]

1. Nf3 Nf6 2. c4 b6 3. g3 Bb7 4. Bg2 e6 5. O-O Be7 6. d4 O-O 7. Nc3 Ne4 8. Nxe4
Bxe4 9. Bf4 d6 10. Qd2 c5 11. Rfd1 Qc8 12. Qe3 Bb7 13. dxc5 dxc5 14. Rd2 Nc6 15.
Rad1 Rd8 16. h4 Rxd2 17. Rxd2 Bf6 18. Ne5 Nxe5 19. Bxe5 Bxe5 20. Qxe5 Bxg2 21.
Kxg2 Qb7+ 22. f3 Kf8 23. Qd6+ Ke8 24. Qd3 h5 25. Qc3 g6 26. Qe5 Rc8 27. a4 Qc7
28. Qe3 Rd8 29. Rxd8+ Qxd8 30. a5 Qc8 31. axb6 axb6 32. Qe4 Qd7 33. g4 Qd2 34.
Qe5 Qc2 35. gxh5 gxh5 36. Kg3 Qxc4 37. e4 Qd4 38. Qb8+ Ke7 39. Qxb6 Qg1+ 40. Kh3
Qh1+ 1/2-1/2

[Event "World Senior Teams +65"]
[Site "Radebeul GER"]
[Date "2016.07.03"]
[Round "8.3"]
[Board "2"]
[White "Stokes, Michael"]
[Black "Khanukov, Boris"]
[Result "1/2-1/2"]
[BlackTitle "IM"]
[WhiteElo "2187"]
[BlackElo "2323"]
[WhiteTeam "England 1"]
[BlackTeam "Germany 2"]
[WhiteFideId "442542"]
[BlackFideId "4680898"]
[EventDate "2016.06.26"]

1. e4 c5 2. d4 cxd4 3. c3 Nf6 4. e5 Nd5 5. Nf3 e6 6. Bc4 Nb6 7. Bb3 dxc3 8. Nxc3
d5 9. exd6 Bxd6 10. O-O Nc6 11. Qe2 Qe7 12. Rd1 h6 13. Ne4 Bc7 14. Be3 Nd7 15.
Rxd7 Bxd7 16. Bc5 Qd8 17. Rd1 Rc8 18. Ba4 Bb8 19. g3 a6 20. Bxc6 Rxc6 21. Nd4
Qc8 22. Nf5 Rxc5 23. Nfd6+ Bxd6 24. Nxd6+ Ke7 25. Nxc8+ Rhxc8 26. b3 Rc1 27. Qd2
Rxd1+ 28. Qxd1 g6 29. Qd2 h5 30. f3 Bc6 31. Kf2 1/2-1/2

[Event "World Senior Teams +65"]
[Site "Radebeul GER"]
[Date "2016.07.03"]
[Round "8.3"]
[Board "3"]
[White "Salov, Sergej"]
[Black "Quinn, John M"]
[Result "1-0"]
[WhiteTitle "IM"]
[WhiteElo "2198"]
[BlackElo "2152"]
[WhiteTeam "Germany 2"]
[BlackTeam "England 1"]
[WhiteFideId "4107926"]
[BlackFideId "405043"]
[EventDate "2016.06.26"]

1. e4 c5 2. Nf3 e6 3. d4 cxd4 4. Nxd4 Nc6 5. Nc3 Qc7 6. g3 a6 7. Bg2 d6 8. O-O
Bd7 9. Re1 Be7 10. Nxc6 Bxc6 11. Qg4 h5 12. Qe2 h4 13. a4 hxg3 14. hxg3 Nf6 15.
a5 Rc8 16. Be3 Nd7 17. Qd2 Ne5 18. b3 Bd7 19. Bd4 Bf6 20. Ra2 Nf3+ 21. Bxf3 Bxd4
22. Qxd4 Qxc3 23. Qd1 Qf6 24. c4 e5 25. Rd2 Ke7 26. Re3 Rh6 27. Bg2 Bh3 28. Bxh3
Rxh3 29. Qg4 Rch8 30. Kf1 Rh1+ 31. Ke2 Ra1 32. c5 Rh2 33. cxd6+ Kd8 34. Rf3 Qh6
35. Rc2 Qxd6 36. Rd2 1-0

[Event "World Senior Teams +65"]
[Site "Radebeul GER"]
[Date "2016.07.03"]
[Round "8.3"]
[Board "4"]
[White "Farrand, Julian T"]
[Black "Gruzmann, Boris"]
[Result "1-0"]
[BlackTitle "FM"]
[WhiteElo "2048"]
[BlackElo "2202"]
[WhiteTeam "England 1"]
[BlackTeam "Germany 2"]
[WhiteFideId "24602469"]
[BlackFideId "4105290"]
[EventDate "2016.06.26"]

1. d4 Nf6 2. Nc3 d5 3. Bg5 e6 4. e4 Be7 5. e5 Nfd7 6. Bxe7 Qxe7 7. f4 a6 8. Qg4
f5 9. exf6 Nxf6 10. Qh4 c5 11. Nf3 Nc6 12. O-O-O cxd4 13. Nxd4 Bd7 14. Be2 O-O-O
15. Bf3 Kb8 16. Rhe1 Nxd4 17. Rxd4 Qc5 18. Rd2 Ka7 19. Qg5 Rhg8 20. Qe5 Rc8 21.
g4 h6 22. g5 Ne8 23. Bxd5 hxg5 24. fxg5 exd5 25. Rxd5 Qc7 26. Qd4+ Kb8 27. Rxd7
Qxh2 28. Rxb7+ Kxb7 29. Qd5+ Kb8 30. Qxg8 Qf4+ 31. Kb1 Qxg5 32. Qb3+ Ka7 33. Nd5
Qh6 34. a3 Nc7 35. Re7 Qc6 36. Rxg7 Qc5 37. a4 a5 38. Qg3 1-0

[Event "World Senior Teams +65"]
[Site "Radebeul GER"]
[Date "2016.07.03"]
[Round "8.4"]
[Board "1"]
[White "Frick, Christoph"]
[Black "Werner, Clemens"]
[Result "1/2-1/2"]
[BlackTitle "FM"]
[WhiteElo "2243"]
[BlackElo "2334"]
[WhiteTeam "Eck-Gunners"]
[BlackTeam "Germany 1"]
[WhiteFideId "4607090"]
[BlackFideId "4604636"]
[EventDate "2016.06.26"]

1. d4 Nf6 2. Bf4 d6 3. Nf3 g6 4. e3 Bg7 5. Be2 O-O 6. h3 c5 7. c3 Qb6 8. Na3
cxd4 9. Nc4 Qd8 10. exd4 b6 11. O-O Bb7 12. Qd2 Nbd7 13. Bh6 Rc8 14. Bxg7 Kxg7
15. Ne3 e6 16. Rfe1 Qc7 17. Rad1 Rfd8 18. Qc1 a6 19. Nh2 h5 20. Bf3 b5 21. Nef1
Rh8 22. Qg5 Nh7 23. Qe3 Ndf6 24. Qf4 Bxf3 25. Nxf3 Qc6 26. N1d2 Qd5 27. a3 Rc6
28. Nf1 Qf5 29. Qxf5 gxf5 30. Ng3 d5 31. Ne5 Rc7 32. Ne2 Ne4 33. Nf4 Nf8 34.
Ned3 Rc6 35. a4 bxa4 36. Ra1 Ng6 37. Rxa4 Nxf4 38. Nxf4 Rb8 39. Nd3 Nd2 40. Rea1
Nc4 41. b4 Nd6 42. Nc5 Nb5 43. Rc1 Ra8 44. Kf1 Ra7 45. Ke2 f6 46. f4 Kf7 47. Kd3
Ke7 48. Re1 Nc7 49. Ra5 Ra8 50. g3 Rg8 51. Rg1 Kd6 52. Ra2 Rb6 53. Rag2 Rbb8 54.
Ke3 Nb5 55. Rc1 Nc7 56. Kf3 Ra8 57. Re1 Rg7 58. Rge2 Re7 59. Ra1 Nb5 60. Re3 Nc7
61. Rg1 Rg7 62. Na4 Rag8 63. Re2 Nb5 64. Nc5 Nc7 65. Reg2 Nb5 66. Rc2 Ra8 67.
Re1 Re7 1/2-1/2

[Event "World Senior Teams +65"]
[Site "Radebeul GER"]
[Date "2016.07.03"]
[Round "8.4"]
[Board "2"]
[White "Baum, Bernd"]
[Black "Krauseneck, Peter"]
[Result "1/2-1/2"]
[WhiteTitle "FM"]
[WhiteElo "2237"]
[BlackElo "2186"]
[WhiteTeam "Germany 1"]
[BlackTeam "Eck-Gunners"]
[WhiteFideId "4611853"]
[BlackFideId "4602986"]
[EventDate "2016.06.26"]

1. e4 e6 2. d4 d5 3. Bd3 dxe4 4. Bxe4 c5 5. Ne2 Nf6 6. Bf3 cxd4 7. Nxd4 e5 8.
Nb5 a6 9. Qxd8+ Kxd8 10. N5c3 Kc7 11. Bg5 Nbd7 12. O-O h6 13. Be3 Bc5 14. Re1
Re8 15. Nd2 Rb8 16. Nc4 Bb4 17. Bd2 b5 18. Ne3 Bxc3 19. Bxc3 e4 20. Ba5+ Kc6 21.
Be2 Ne5 22. Red1 Be6 23. Rd4 Kb7 24. Bc3 Nc6 25. Rdd1 Rbd8 26. a4 b4 27. Be1 Nd4
28. Bf1 Ng4 29. Rac1 b3 30. c3 Nc2 31. Nc4 Kc7 32. h3 Nf6 33. Ne3 Nxe1 34. Rxe1
Rd2 35. Rb1 Red8 36. Bxa6 Nd7 37. Bc4 Nc5 38. Bxe6 fxe6 39. Nc4 Rc2 40. a5 Kc6
41. Ra1 Ra8 42. a6 Rxa6 43. Rxa6+ Nxa6 44. Na5+ Kd5 45. Rd1+ Ke5 46. Nxb3 Rxb2
47. Nd4 Nc5 48. Nc6+ Kf6 49. Re1 Rc2 50. Re3 e5 51. f3 exf3 52. gxf3 Nd7 53. Nb4
Rb2 54. Nd5+ Kg5 55. Re4 h5 56. h4+ Kg6 57. Kf1 Rc2 58. Re2 Rc1+ 59. Kg2 Kf5 60.
Ne3+ Ke6 61. Rc2 Re1 62. Kf2 Rh1 63. Kg3 Nc5 64. c4 g6 65. Nd5 Kd6 66. Rb2 Nd7
67. Ne3 Rg1+ 68. Kf2 Rc1 69. Ra2 Nc5 70. Rd2+ Ke6 71. Rd5 Nd7 72. Ra5 1/2-1/2

[Event "World Senior Teams +65"]
[Site "Radebeul GER"]
[Date "2016.07.03"]
[Round "8.4"]
[Board "4"]
[White "Kierzek, Matthias"]
[Black "Gass, Ulrich"]
[Result "1-0"]
[WhiteElo "2230"]
[BlackElo "2081"]
[WhiteTeam "Germany 1"]
[BlackTeam "Eck-Gunners"]
[WhiteFideId "4647009"]
[BlackFideId "4683307"]
[EventDate "2016.06.26"]

1. d4 Nf6 2. c4 c5 3. d5 b5 4. cxb5 a6 5. f3 e6 6. e4 exd5 7. e5 Qe7 8. Qe2 Ng8
9. Nc3 Bb7 10. Nh3 c4 11. Nf4 axb5 12. Nfxd5 Qd8 13. Nf6+ gxf6 14. exf6+ Be7 15.
fxe7 Qc7 16. Nxb5 Qa5+ 17. Nc3 d5 18. Qe5 f6 19. Qh5+ Kxe7 20. Be3 Na6 21. Kf2
Nc7 22. Re1 Ne6 23. Bd4 Kd6 24. Rxe6+ Kxe6 25. Qg4+ f5 26. Qg5 Ne7 27. Bxc4 Rhe8
28. Qf6+ Kd7 29. Bb5+ Bc6 30. Bxc6+ Nxc6 31. Qxf5+ Kd6 32. Rd1 Nxd4 33. Rxd4 Re5
34. Ne4+ Rxe4 35. fxe4 1-0

[Event "World Senior Teams +65"]
[Site "Radebeul GER"]
[Date "2016.07.03"]
[Round "8.5"]
[Board "1"]
[White "Renman, Nils-Gustaf"]
[Black "Lehmann, Karl-Heinz"]
[Result "1-0"]
[WhiteTitle "IM"]
[WhiteElo "2352"]
[BlackElo "2108"]
[WhiteTeam "Sweden 1"]
[BlackTeam "Stiftung BSW / DBAG I"]
[WhiteFideId "1700367"]
[BlackFideId "4617576"]
[EventDate "2016.06.26"]

1. d4 Nf6 2. Nf3 e6 3. c4 b6 4. g3 Ba6 5. Qc2 d5 6. cxd5 exd5 7. Bg2 Bb4+ 8. Nc3
O-O 9. O-O c6 10. Bg5 h6 11. Bxf6 Qxf6 12. Rfe1 Nd7 13. e4 dxe4 14. Nxe4 Qd8 15.
Red1 Bb7 16. Ne5 Qc7 17. Qb3 Be7 18. Ng6 Rfe8 19. Rac1 Nf6 20. Ne5 Bd6 21. Nxd6 1-0

[Event "World Senior Teams +65"]
[Site "Radebeul GER"]
[Date "2016.07.03"]
[Round "8.5"]
[Board "2"]
[White "Baumbach, Friedrich"]
[Black "Malmdin, Nils-Ake"]
[Result "1-0"]
[WhiteTitle "FM"]
[BlackTitle "FM"]
[WhiteElo "2193"]
[BlackElo "2174"]
[WhiteTeam "Stiftung BSW / DBAG I"]
[BlackTeam "Sweden 1"]
[WhiteFideId "4611721"]
[BlackFideId "1701584"]
[EventDate "2016.06.26"]

1. d4 Nf6 2. c4 c5 3. d5 e6 4. Nc3 exd5 5. cxd5 d6 6. e4 g6 7. Nf3 Bg7 8. Be2
O-O 9. O-O Re8 10. Nd2 Na6 11. f3 Nc7 12. a4 b6 13. Nc4 Ba6 14. Bg5 Bxc4 15.
Bxc4 h6 16. Bh4 g5 17. Bg3 Nh5 18. Bf2 a6 19. g3 Qd7 20. f4 Nf6 21. e5 Nh7 22.
e6 Qe7 23. exf7+ Qxf7 24. fxg5 Nxg5 25. Bxc5 Qe7 26. Bd4 Rab8 27. h4 Nf7 28.
Bxg7 Kxg7 29. Qg4+ Kh8 30. Qh5 Qe3+ 31. Kg2 Rg8 32. Rf3 Qd2+ 33. Kh3 Ne5 34. Ne4 1-0

[Event "World Senior Teams +65"]
[Site "Radebeul GER"]
[Date "2016.07.03"]
[Round "8.5"]
[Board "3"]
[White "Nyberg, Ulf"]
[Black "Fleuch, Hans-Juergen"]
[Result "1/2-1/2"]
[WhiteElo "2161"]
[BlackElo "2078"]
[WhiteTeam "Sweden 1"]
[BlackTeam "Stiftung BSW / DBAG I"]
[WhiteFideId "1705083"]
[BlackFideId "4619617"]
[EventDate "2016.06.26"]

1. d4 d6 2. e4 Nf6 3. Nc3 g6 4. f4 Bg7 5. a3 O-O 6. Nf3 b6 7. Bd3 e6 8. O-O Ba6
9. Bxa6 Nxa6 10. Qe2 Qc8 11. e5 Ne8 12. Ne4 d5 13. Nf2 c6 14. Be3 Nb8 15. Rfc1
Qd7 16. c4 Nc7 17. Rc2 Rd8 18. Rac1 a5 19. cxd5 Nxd5 20. Bd2 Bh6 21. g3 Qe7 22.
h4 Ra7 23. Kg2 Bg7 24. Ne4 Rad7 25. h5 Qf8 26. Rh1 Re8 27. Kg1 Ne7 28. Qh2 h6
29. Nf6+ Bxf6 30. exf6 Nf5 31. Bc3 Red8 32. g4 Ne3 33. Re2 Nd5 34. Ne5 Nxf6 35.
hxg6 fxg6 36. Qxh6 Qxh6 37. Rxh6 Rg7 38. Reh2 Nh7 39. g5 Rd5 40. Rxg6 Nf8 41.
Rgh6 Rh7 42. Ng4 Rxh6 43. Rxh6 Nbd7 44. Ne3 Rb5 45. a4 Rb3 46. f5 exf5 47. Rxc6
b5 48. Nf1 bxa4 49. Nd2 Rb5 1/2-1/2

[Event "World Senior Teams +65"]
[Site "Radebeul GER"]
[Date "2016.07.03"]
[Round "8.5"]
[Board "4"]
[White "Goldberg, Valerij"]
[Black "Nordstrom, Felix"]
[Result "0-1"]
[BlackTitle "FM"]
[WhiteElo "2123"]
[BlackElo "2093"]
[WhiteTeam "Stiftung BSW / DBAG I"]
[BlackTeam "Sweden 1"]
[WhiteFideId "4684370"]
[BlackFideId "1701509"]
[EventDate "2016.06.26"]

1. e4 c5 2. Nf3 d6 3. d4 cxd4 4. Nxd4 Nf6 5. Nc3 a6 6. Bg5 e6 7. f4 Qc7 8. Qd2
Be7 9. O-O-O Nbd7 10. f5 e5 11. Nf3 b5 12. a3 Bb7 13. Bd3 Rc8 14. g4 h6 15. Bh4
d5 16. Bxf6 Nxf6 17. Nxd5 Bxd5 18. exd5 e4 0-1

[Event "World Senior Teams +65"]
[Site "Radebeul GER"]
[Date "2016.07.03"]
[Round "8.6"]
[Board "1"]
[White "Romcovici, Victor"]
[Black "Schmidt, Gerhard3"]
[Result "0-1"]
[WhiteTitle "IM"]
[WhiteElo "2122"]
[BlackElo "2077"]
[WhiteTeam "Moldova"]
[BlackTeam "Saxone"]
[WhiteFideId "13900560"]
[BlackFideId "12962260"]
[EventDate "2016.06.26"]

1. d4 d5 2. Nf3 Nf6 3. e3 e6 4. Bd3 c5 5. b3 Nc6 6. a3 Bd6 7. Bb2 Qc7 8. c4 cxd4
9. exd4 b6 10. Nc3 a6 11. Qe2 O-O 12. Na4 Na5 13. c5 bxc5 14. dxc5 Nxb3 15. cxd6
Qa5+ 16. Nd2 e5 17. Bc3 Qxa4 18. Bc2 Qc6 19. Bxb3 Qxc3 20. O-O Bg4 21. f3 Bf5
22. Rfc1 Qd4+ 23. Qf2 Qxf2+ 24. Kxf2 Rfd8 25. Rc6 Bd7 26. Rc5 Be6 27. Re1 Rxd6
28. Rxe5 Nd7 29. Rxe6 fxe6 30. Rc7 Rb8 31. f4 Nf6 32. Bc2 g6 33. Nf3 Rd7 34. Rc6
Re7 35. Rxa6 Rb2 36. Rc6 Kg7 37. h3 Ne4+ 38. Ke3 Ng3 39. Ng5 Ra2 40. a4 Nf5+ 41.
Bxf5 exf5+ 42. Kd4 Rxg2 43. Ne6+ Kh6 44. Kxd5 Ra7 45. Ke5 Re2+ 46. Kf6 Rxe6+ 47.
Rxe6 Rxa4 48. Re3 Rxf4 49. Rg3 Ra4 50. Rf3 f4 51. Ke5 Kh5 52. Kf6 g5 53. Kf5 h6
54. Rb3 Rc4 55. Ra3 Kh4 56. Rf3 h5 57. Rb3 Rc8 58. Ra3 Rf8+ 59. Kg6 f3 60. Ra1
f2 61. Rf1 0-1

[Event "World Senior Teams +65"]
[Site "Radebeul GER"]
[Date "2016.07.03"]
[Round "8.6"]
[Board "2"]
[White "Lenk, Wolfgang"]
[Black "Nevednichy, Boris M"]
[Result "0-1"]
[BlackTitle "IM"]
[WhiteElo "2213"]
[BlackElo "2122"]
[WhiteTeam "USV TU Dresden"]
[BlackTeam "Moldova"]
[WhiteFideId "4612388"]
[BlackFideId "13900080"]
[EventDate "2016.06.26"]

1. e4 d6 2. d4 g6 3. Nf3 Bg7 4. h3 a6 5. Bd3 Nf6 6. O-O O-O 7. a4 Nc6 8. c3 e5
9. Na3 Re8 10. d5 Ne7 11. c4 c6 12. Bb1 Nh5 13. Nc2 h6 14. Ra3 cxd5 15. cxd5 Nf4
16. Ne3 g5 17. Nh2 Bd7 18. Nc4 Bxa4 19. Rxa4 b5 20. Nxd6 Qxd6 21. Ra3 Rac8 22.
Bxf4 exf4 23. Rb3 b4 24. Nf3 Ng6 25. Nd4 Bxd4 26. Qxd4 a5 27. Rd3 Ne5 28. Rdd1
a4 29. Rc1 a3 30. Rxc8 Rxc8 31. bxa3 bxa3 32. Qa4 Kg7 33. Ba2 f3 34. Re1 Rb8 35.
Rb1 Rxb1+ 36. Bxb1 Qb6 37. Qd1 Qb2 38. gxf3 a2 39. Bxa2 Qxa2 40. Kg2 Qa7 41. h4
Qe7 42. d6 Qe6 43. hxg5 hxg5 44. Qd4 f6 45. Qd1 Qd7 46. Qd2 Nf7 47. f4 Qg4+ 48.
Kf1 gxf4 49. d7 f3 50. Qd4 Qf5 51. d8=Q Nxd8 0-1

[Event "World Senior Teams +65"]
[Site "Radebeul GER"]
[Date "2016.07.03"]
[Round "8.6"]
[Board "3"]
[White "Scovitin, Albert"]
[Black "Petzold, Hans"]
[Result "1-0"]
[WhiteElo "2209"]
[BlackElo "2092"]
[WhiteTeam "Moldova"]
[BlackTeam "USV TU Dresden"]
[WhiteFideId "13906356"]
[BlackFideId "24615676"]
[EventDate "2016.06.26"]

1. c4 e5 2. Nc3 Nc6 3. g3 f5 4. Bg2 Nf6 5. d3 Bb4 6. Bd2 O-O 7. Nd5 Bxd2+ 8.
Qxd2 Ne7 9. e3 c6 10. Nxf6+ Rxf6 11. Qc3 d6 12. Ne2 Qe8 13. d4 f4 14. dxe5 dxe5
15. gxf4 exf4 16. Nxf4 Rxf4 17. exf4 Nd5+ 18. Qe5 Ne7 19. O-O-O Bg4 20. f3 Bf5
21. Rhe1 Kf8 22. Re3 Qf7 23. b3 a5 24. Qd6 Re8 25. Rde1 g6 26. Bf1 a4 27. Bd3
axb3 28. axb3 Qg7 29. Re5 Bxd3 30. Qxd3 Ra8 31. Kb1 Nf5 32. Qc3 Qf7 33. Re6 Kg8
34. Qe5 Ng7 35. Re7 Qf8 36. Rd7 Nf5 37. Qe6+ Kh8 38. Rxb7 Nd6 39. Re7 Qxf4 40.
Rd1 Qxf3 41. Qe5+ 1-0

[Event "World Senior Teams +65"]
[Site "Radebeul GER"]
[Date "2016.07.03"]
[Round "8.7"]
[Board "1"]
[White "Harestad, Thor Geir"]
[Black "Rahls, Peter"]
[Result "1-0"]
[WhiteTitle "FM"]
[BlackTitle "FM"]
[WhiteElo "2192"]
[BlackElo "2160"]
[WhiteTeam "Norway 1"]
[BlackTeam "Berlin"]
[WhiteFideId "1500414"]
[BlackFideId "4613023"]
[EventDate "2016.06.26"]

1. c4 e5 2. g3 Nf6 3. Bg2 c6 4. d4 e4 5. Nc3 d5 6. Bg5 Be7 7. e3 Nbd7 8. cxd5
cxd5 9. Nge2 h6 10. Bxf6 Nxf6 11. Qb3 b6 12. Nf4 Bb7 13. Qb5+ Qd7 14. Qxd7+ Kxd7
15. h4 Bb4 16. Rc1 Kd6 17. O-O Ba6 18. Rfe1 g5 19. Nfe2 gxh4 20. gxh4 Rhg8 21.
Ng3 Ke6 22. a3 Bd6 23. Bh3+ Ng4 24. Nce2 f5 25. Nf4+ Bxf4 26. exf4 Rac8 27. Kg2
Rxc1 28. Rxc1 Rc8 29. Rxc8 Bxc8 30. Bxg4 fxg4 31. Kf1 Kd6 32. Ke2 a5 33. Ke3 Be6
34. f5 Bf7 35. Kf4 h5 36. Ne2 Be8 37. Kg5 Ke7 38. f6+ Kf8 39. Kf5 Kf7 40. Ke5 a4
41. Ng3 Kg6 42. Nf5 Kf7 43. Ne3 Bc6 44. Kf5 Bd7+ 45. Kg5 Be6 46. Nf1 Bd7 47. Ng3 1-0